| 000 | 01468namaa22003371i 4500 | ||
|---|---|---|---|
| 003 | EG-GICUC | ||
| 005 | 20251201121822.0 | ||
| 008 | 251201s1995 SP ||||jr|||| 000 0 ara d | ||
| 017 |
_a32-132-1997 _bالمكتبة الوطنية (أسبانيا) |
||
| 020 | _a8439342969 | ||
| 040 |
_aEG-GiCUC _bara _cEG-GiCUC _dEG-GiCUC _erda |
||
| 043 | _ae----sp | ||
| 082 | 0 | 4 |
_221 _a337.142 _bN138 |
| 092 | 0 | 4 |
_221 _a337.142 _bN138 |
| 099 | _a337.142 N138 1995 | ||
| 100 | 1 | _eمؤلف. | |
| 111 |
_aندوة المجتمع المدنى الاروبية المتوسطية _cبرشلونة _d29-30 نوفمبر |
||
| 245 | 1 | 0 |
_aنحو رؤية جديدة لشراكة أروبية متوسطية / _cتعريب وتصفيف المعهد التونسى للدراسات الاستراتيجية |
| 264 |
_aتونس : _bالمعهد التونسى للدراسات الاستراتيجية، _c1995. |
||
| 300 |
_a350 : صفحة _bإيضاحيات، صور، مثيليات ؛ _c24 سم |
||
| 336 |
_2rdacontent _atext |
||
| 337 |
_2rdamedia _aUnmediated |
||
| 338 |
_2rdacarrier _avolume |
||
| 490 | _3سلسلة الدراسات والندوات ؛ | ||
| 541 |
_aد. جابر عصفور ؛ _bالقاهرة ؛ _cإهداء ؛ _d2024. |
||
| 650 | 1 |
_aالمجتمع الاوروبى _xندوات _2qrmak |
|
| 651 | 1 | _2qrmak | |
| 700 | 1 |
_aالمعهد التونسى للدراسات الاستراتيجية _eمترجم. |
|
| 905 | _aNermeen | ||
| 942 |
_2ddc _cBK _e21 _n0 |
||
| 999 |
_c176376 _d176376 |
||